000 01157nam a2200301 i 4500
003 EG-GICUC
005 20260121101220.0
008 251113s2004 ua ||||f |||| 00| 0 ara d
040 _a EG-GICUC
_bara
_c EG-GICUC
_d EG-GICUC
_erda
041 _aara
082 0 4 _221
_a345
_bم ح . م
092 0 4 _221
099 _aLaw1 07 345 م ح . م 2004
100 0 _aمحمد عبد الحميد أبو زيد
_eمؤلف.
245 1 0 _aمبدأ المساواة بين الجنسين شرعا ووضعا /
_cدكتور محمد عبد الحميد أبو زيد.
264 1 _aالقاهرة :
_bدار السلام،
_c2004.
300 _a418 صفحة ؛
_c24 سم
336 _2rda content
_atext
337 _2rda media
_aComputer
338 _2rda carrier
_aOnline Resource
504 _aيشتمل على إرجاعات ببليوجرافية.
546 _aالنص أغلبه باللغة العربية بعض النصوص الإنجليزية والفرنسية
650 1 4 _aالقانون الإداري
651 1 _2qrmak
856 4 0 _uhttps://fll.law.cu.edu.eg/fulltext/bks/B07-00530.pdf
905 _a74
_eEman
942 _2ddc
_n0
_cBK
_e21
999 _c43186
_d43186